Numbers by trivia - Statistics

General Stats
  • This quiz has been taken 31 times
  • The average score is 7 of 9
Answer Stats
Hint Answer % Correct
How many million units did ps4 sell on the first day 1
100%
Harry Potter with the Whomping Whillow 2
100%
The amount of stars out of five you should give this quiz 5
100%
Faces on dodecaherdon 12
94%
One hundred thousnds in PI 9
88%
Number of letters in the spanish alphabet 27
82%
The highest possible points you can get in bowling 300
71%
11011110 in binary 222
47%
Michelangelo birth year 1475
29%
No matching quizzes found
Score Distribution
Percent of People with Each Score
Percentile by Number Answered
Your Score History
You have not taken this quiz